00799nam a22001817a 4500003000900000008004100009040007100050082001700121100002200138245003500160260006400195300002700259505021500286650002300501650002900524650001000553700005400563AR-CdUCM190228b ||||| |||| 00| 0 spa d aMUNICIPALIDAD PROVINCIAL DEL CUSCOcBIBLIOTECA MUNICIPAL DEL CUSCO a394.4 /bE72 aEscalante, Carmen aEl agua en la cultura andina / aLima :bPrograma de Agua y Sanemiento Banco Mundial,c1999. a95 páginas ;c21 cm. aAgua y cultura -- El culto al agua en las culturas preincaicas -- El agua en la cultura Quechua contemporáneas -- Riego, agricultura y culto del agua -- Ceremonias de agradecimiento al dios dador de agua ...  aTradiciones orales aetnias contemporáneas  aWakas aProyecto de Saneamiento Básico en la Sierra Sur